• 首页
  • 本馆介绍
  • 公告通知
  • 最新文献
  • 馆藏检索
  • 电子资源
  • 读者导购
  • 参考咨询
  • 我的图书馆
  • 登录
  • 详细信息显示
  • 放入我的书架
  • 预约/预借图书
  • 作者相关作品
  • 分类相关作品
  • 丛书相关作品
  • 出版社相关作品

书目信息

  • 表格格式
  • 工作单格式
  • 卡片格式
题名:
科学技术与社会进步论
    
 
作者: 张敏卿, , 王红, , 胡小平, 著
分册:  
出版信息: 北京   现代出版社  2014
页数: 318页
开本: 24cm
丛书名:
单 册:
中图分类: G301 , K02
科图分类:
主题词: 科学技术--ke xue ji shu--关系--社会进步--研究
电子资源:
ISBN: 978-7-5143-1893-7
000 00974nam0 22002651 450
001 0122100820
005 20170322100820.0
010    @a978-7-5143-1893-7@dCNY58.00
100    @a20141228d2014 em y0chiy50 ea
101 0  @achi
102    @aCN@b110000
105    @ay z 000yy
106    @ar
200 1  @a科学技术与社会进步论@9ke xue ji shu yu she hui jin bu lun@f张敏卿, 王红, 胡小平著
210    @a北京@c现代出版社@d2014
215    @a318页@d24cm
330    @a本书主要内容包括: 方兴未艾的世界科技革命 ; 科学技术与生产力关系的再认识 ; 科技发展与社会进步 ; 科技与创新 ; 科学技术与普及 ; 中国共产党科技意识的产生与展望 ; “全球化”视野下高新技术产业发展的规律与特点等、
606 0  @a科学技术@9ke xue ji shu@x关系@x社会进步@x研究
690    @aG301@v5
690    @aK02@v5
701  0 @a张敏卿,@9zhang min qing ,@4著
701  0 @a王红,@9wang hong ,@4著
701  0 @a胡小平,@9hu xiao ping ,@4著
801  0 @aCN@bTANGWEI@c20170308
905    @b0959926-9@dG301@e187@f4
    
    科学技术与社会进步论/张敏卿, 王红, 胡小平著.-北京:现代出版社,2014
    318页;24cm
    
    
    ISBN 978-7-5143-1893-7:CNY58.00
    本书主要内容包括: 方兴未艾的世界科技革命 ; 科学技术与生产力关系的再认识 ; 科技发展与社会进步 ; 科技与创新 ; 科学技术与普及 ; 中国共产党科技意识的产生与展望 ; “全球化”视野下高新技术产业发展的规律与特点等、
●
相关链接 在E读中查询图书 在五车中查询图书 在当当中查询图书 在豆瓣中查询图书


正题名:科学技术与社会进步论     索取号:G301/187         预约/预借

序号 登录号 条形码 馆藏地/架位号 状态 备注
1 0959926   209599264   第一样本阅览室/ [索取号:G301/187] 在馆    
2 0959927   209599273   第四借阅区/ [索取号:G301/187] 在馆    
3 0959928   209599282   第四借阅区/ [索取号:G301/187] 在馆    
4 0959929   209599291   第四借阅区/ [索取号:G301/187] 在馆    
唐山师范学院图书馆 欢迎您!
大连网信软件有限公司© 版权所有